Który piłkarz ma większą wartość? - Statystyki

Ogólne statystyki
  • Ten quiz został rozwiązany 205 razy
  • Średni wynik to 3 z 10
Statystyki odpowiedzi
Zagadnienie Odpowiedź % Poprawnych
Kto ma największą wartość? Declan Rice
50%
Kto ma największą wartość? Harry Kane
44%
Kto ma największą wartość? Robert Lewandowski
44%
Kto ma największą wartość? Mason Mount
38%
Kto ma największą wartość? Christian Pulisic
25%
Kto ma największą wartość? Joao Felix
25%
Kto ma największą wartość? Krzysztof Piątek
19%
Kto ma największą wartość? Roberto Firmino
13%
Kto ma największą wartość? Casemiro
0%
Kto ma największą wartość? Kalidou Koulibaly
0%
Nie znaleziono quizów pasujących do podanych kryteriów
Rozkład punktacji
Procent ludzi z każdym wynikiem
Percentyl według liczby udzielonych odpowiedzi
Twoja historia wyników
Nie rozwiązałeś tego quizu